<?xml version="1.0" encoding="UTF-8"?>
<record
    xmlns:xsi="http://www.w3.org/2001/XMLSchema-instance"
    xsi:schemaLocation="http://www.loc.gov/MARC21/slim http://www.loc.gov/standards/marcxml/schema/MARC21slim.xsd"
    xmlns="http://www.loc.gov/MARC21/slim">

  <leader>00886nam a2200229Ia 4500</leader>
  <controlfield tag="003">OSt</controlfield>
  <controlfield tag="005">20220923220837.0</controlfield>
  <controlfield tag="006">a|||||r|||| 00| 0</controlfield>
  <controlfield tag="007">ta</controlfield>
  <controlfield tag="008">220922b        |||||||| |||| 00| 0 hin d</controlfield>
  <datafield tag="024" ind1=" " ind2=" ">
    <subfield code="a">191,228</subfield>
  </datafield>
  <datafield tag="037" ind1=" " ind2=" ">
    <subfield code="c">Textual</subfield>
  </datafield>
  <datafield tag="040" ind1=" " ind2=" ">
    <subfield code="a">ARTS</subfield>
    <subfield code="c">ARTS</subfield>
    <subfield code="b">hin</subfield>
  </datafield>
  <datafield tag="041" ind1=" " ind2=" ">
    <subfield code="2">hin</subfield>
    <subfield code="a">hin</subfield>
  </datafield>
  <datafield tag="082" ind1=" " ind2=" ">
    <subfield code="a">V1:1:N5, 152J1.1</subfield>
  </datafield>
  <datafield tag="100" ind1=" " ind2=" ">
    <subfield code="a">&#x917;&#x941;&#x92A;&#x94D;&#x924;&#x93E;, &#x930;&#x93E;&#x92E;&#x947;&#x936;&#x94D;&#x935;&#x930;</subfield>
    <subfield code="9">156292</subfield>
  </datafield>
  <datafield tag="245" ind1=" " ind2="0">
    <subfield code="a">&#x92E;&#x93E;&#x928;&#x935; &#x915;&#x940; &#x915;&#x939;&#x93E;&#x928;&#x940;, &#x938;&#x943;&#x937;&#x94D;&#x91F;&#x93F; &#x914;&#x930; &#x92E;&#x93E;&#x928;&#x935;-&#x935;&#x93F;&#x915;&#x93E;&#x938; &#x915;&#x93E; &#x907;&#x924;&#x93F;&#x939;&#x93E;&#x938;5 &#x938;&#x943;&#x937;&#x94D;&#x91F;&#x93F; &#x915;&#x947; &#x906;&#x926;&#x93F; &#x938;&#x947; 195   &#x908;   &#x924;&#x915;</subfield>
  </datafield>
  <datafield tag="246" ind1=" " ind2=" ">
    <subfield code="a">M&#x101;nav k&#x12B; kah&#x101;n&#x12B;, s&#x1E5B;u&#x1E63;h&#x1E6D;i aur m&#x101;nava-vik&#x101;s k&#x101; itih&#x101;sa5 s&#x1E5B;u&#x1E63;h&#x1E6D;i ke &#x101;di se 1950 &#x12B;0 taka</subfield>
  </datafield>
  <datafield tag="260" ind1=" " ind2=" ">
    <subfield code="c">1951</subfield>
  </datafield>
  <datafield tag="942" ind1=" " ind2=" ">
    <subfield code="h">V1:1:N5, 152J1.1</subfield>
    <subfield code="c">TEXL</subfield>
    <subfield code="2">CC</subfield>
  </datafield>
  <datafield tag="999" ind1=" " ind2=" ">
    <subfield code="c">343935</subfield>
    <subfield code="d">343935</subfield>
  </datafield>
  <datafield tag="952" ind1=" " ind2=" ">
    <subfield code="0">0</subfield>
    <subfield code="1">0</subfield>
    <subfield code="4">0</subfield>
    <subfield code="7">0</subfield>
    <subfield code="a">ARTS</subfield>
    <subfield code="b">ARTS</subfield>
    <subfield code="d">2022-09-23</subfield>
    <subfield code="l">0</subfield>
    <subfield code="o">V1:1:N5 152J1.1</subfield>
    <subfield code="p">AL0093979</subfield>
    <subfield code="r">2022-09-23 00:00:00</subfield>
    <subfield code="w">2022-09-23</subfield>
    <subfield code="y">TEXL</subfield>
  </datafield>
</record>
